|
|
|
|
| LEADER |
01203nam a2200349Ia 4500 |
| 001 |
EBC529977 |
| 003 |
MiAaPQ |
| 005 |
20200520144314.0 |
| 006 |
m o d | |
| 007 |
cr cn||||||||| |
| 008 |
091113s2010 nju s 001 0 eng d |
| 010 |
|
|
|z 2009047255
|
| 020 |
|
|
|z 9780470587263 (cloth)
|
| 035 |
|
|
|a (MiAaPQ)EBC529977
|
| 035 |
|
|
|a (Au-PeEL)EBL529977
|
| 035 |
|
|
|a (CaPaEBR)ebr10387082
|
| 035 |
|
|
|a (CaONFJC)MIL268421
|
| 035 |
|
|
|a (OCoLC)630540262
|
| 040 |
|
|
|a MiAaPQ
|c MiAaPQ
|d MiAaPQ
|
| 050 |
|
4 |
|a HD47.3
|b .B73 2010
|
| 082 |
0 |
4 |
|a 658.15/52
|2 22
|
| 100 |
1 |
|
|a Bragg, Steven M.
|
| 245 |
1 |
0 |
|a Cost reduction analysis
|h [electronic resource] :
|b tools and strategies /
|c Steven M. Bragg.
|
| 260 |
|
|
|a Hoboken, NJ :
|b John Wiley & Sons,
|c c2010.
|
| 300 |
|
|
|a xiv, 314 p.
|
| 500 |
|
|
|a Includes index.
|
| 533 |
|
|
|a Electronic reproduction. Ann Arbor, MI : ProQuest, 2015. Available via World Wide Web. Access may be limited to ProQuest affiliated libraries.
|
| 650 |
|
0 |
|a Cost control.
|
| 650 |
|
0 |
|a Cost accounting.
|
| 655 |
|
4 |
|a Electronic books.
|
| 710 |
2 |
|
|a ProQuest (Firm)
|
| 856 |
4 |
0 |
|u https://ebookcentral.proquest.com/lib/matrademy/detail.action?docID=529977
|z Click to View
|